| 000 | 00950nam a2200265 a 4500 | ||
|---|---|---|---|
| 001 | BRCA_8305 | ||
| 005 | 20190320210223.0 | ||
| 008 | 230614s1869----fr-a###f##---#000-0#fre-# | ||
| 041 | _afre | ||
| 044 | _afr | ||
| 050 | 4 |
_aZ997.A5 _b.F73 1869 |
|
| 100 | 1 |
_aFrancke, Hermann _920733 |
|
| 245 | 1 | 0 |
_aCatalogue de la Richie Bibliothèque de Josè Maria Andrade _blivres manuscrits et imprimès, littérature francaise et espagnole, histoire de l´Afrique, de l´Asie et de l´Amérique _cpar Hermann Francke. |
| 260 |
_aParis _bLibrairie Tross _c1869 |
||
| 300 |
_a368 p. _c23 cm. |
||
| 500 | _aEstado físico: lomo y portada rotos sujetados por un lazo | ||
| 500 | _aS131 | ||
| 600 | 1 | 4 |
_aAndrade, Josè Maria _d1807-1883 _920734 |
| 650 | 1 | 4 |
_aBibliotecas _vColeccionistas y colecciones _920735 |
| 650 | 1 | 4 |
_aLiteratura _916400 |
| 650 | 1 | 4 |
_aContinentes _vHistoria _920736 |
| 651 | 4 |
_aMéxico _xCatálogos _920737 |
|
| 902 | _aGFM | ||
| 942 |
_2lcc _cB |
||
| 999 |
_c7973 _d7973 |
||